仰望星空的人 : 欣榮圖書館暨玉蘭文化會館開館十週年紀念文集

資料類型: Book 圖書   書目號:51327

Leader xxxxxxxxxx
001 __ PCLIS00051327
005 __ 20170329093656.0008
010 0_ |a978-986-81985-1-7|b平裝|d新台幣300元
042 __ |anbic
100 __ |a20170329d2015       y0chiy50      e
101 0_ |achi
102 __ |atw
105 __ |aa   z   000yy
200 1_ |a仰望星空的人|e欣榮圖書館暨玉蘭文化會館開館十週年紀念文集|f高瑞錚著
205 __ |a初版
210 __ |a台北市|c福田文教基金會|d民104
215 0_ |a255面|c彩圖|d21公分
225 __ |a|v
300 __ |a封面副題名:欣榮圖書館暨玉蘭文化會館開館十週年紀念文集
517 1_ |a欣榮圖書館暨玉蘭文化會館開館十週年紀念文集
517 1_ |a欣榮圖書館暨玉蘭文化會館開館10週年紀念文集
681 __ |a855.486|b0018
700 _1 |a|b瑞錚|4702 __ |a|b|4
801 _0 |atw|b靜宜|c20170329|gCCR
詳細館藏(共 1 筆)
索 書 號登 錄 號冊次號館別 / 館藏地流通類型狀態加入預約清單電子資源
855.486 / 8357 2020347  圖書館 / 一樓普通區 可外借30天 在館   

| 條列資料




目錄查詢 分類查詢 個人資料 圖書薦購 新書查詢 閉館日 排行榜 更多電子資源 Hami書城 線上資料庫 登出

From : 216.73.217.87

  本日流通累計至 07:58:11 借閱 : 0 次 續借 : 0 次 歸還 : 0 次 預約 : 0 次 電子資源 : 0 次


內湖高中圖書館  PCLIS 版本  26.5.0.12